00962nam a22002417a 450000100060000000300080000600500170001400800410003103500190007204000350009104100080012608200270013410000300016124500990019126000730029030000380036350200810040150400320048265000310051494200130054599900170055895201450057580450BD-RjUL20230411115928.0220927s1993 bg a|||| m||| 00| 0 eng d a(BD-RjUL)80450 aBD-RjULbengcBD-RjULdBD-RjUL aeng 223a541.2242bHOS 1993 aHossain, Md. Bellal9504210aStudy of formation of a new radical from two or more known Radicals /cBy Md. Bellal Hossain : aRajshahi :bDepartment of Mathematics, University of Rajshahi,c1993 a(ii), 91 leaves :bill, ;c29.cm. aThesis (M. Phil.) -- Department of Mathematics, University of Rajshahi, 1993 aReferences : Leaves 89 - 91 aRadicals (Chemistry)95043 2ddccTHE c80450d80450 102ddc40718THESESaRUCLbRUCLcDoc/Thed1994-03-05eController of Exam. R.U.oTHE 541.2242 HOS 1993pD1724r2022-09-27 00:00:00tC-1yTHE